Computer concepts. / (Record no. 2197)

MARC details
000 -LEADER
fixed length control field 00733nam a22001817a 4500
008 - FIXED-LENGTH DATA ELEMENTS--GENERAL INFORMATION
fixed length control field 120828t xxu||||| |||| 00| 0 eng d
020 ## - INTERNATIONAL STANDARD BOOK NUMBER
International Standard Book Number 0619017325
050 ## - LIBRARY OF CONGRESS CALL NUMBER
Classification number QA76.P25
100 ## - MAIN ENTRY--PERSONAL NAME
Personal name Parsons, June Jamrich.
245 ## - TITLE STATEMENT
Title Computer concepts. /
Statement of responsibility, etc. June Jamrich Parsons
250 ## - EDITION STATEMENT
Edition statement 3rd.
260 ## - PUBLICATION, DISTRIBUTION, ETC.
Place of publication, distribution, etc. Australia:
Name of publisher, distributor, etc. Thomson,
Date of publication, distribution, etc. 2000.
300 ## - PHYSICAL DESCRIPTION
Extent xvi + various pagings;
Other physical details ill.;
Dimensions 26cm.
500 ## - GENERAL NOTE
General note Includes index.
505 ## - FORMATTED CONTENTS NOTE
Formatted contents note Contents: Computers: essential concepts -- Software and multimedia -- Productivity software -- Computer files and data storage -- Computer architecture -- Computer networks and e- mail -- The Internet -- Data security and control -- A Buyer's guide.
650 ## - SUBJECT ADDED ENTRY--TOPICAL TERM
Topical term or geographic name entry element Computer concepts.
942 ## - ADDED ENTRY ELEMENTS (KOHA)
Source of classification or shelving scheme Library of Congress Classification
Koha item type Books
Holdings
Withdrawn status Lost status Source of classification or shelving scheme Damaged status Not for loan Home library Current library Shelving location Date acquired Total Checkouts Full call number Barcode Date last seen Copy number Price effective from Koha item type
    Library of Congress Classification     WISCONSIN INTERNATIONAL UNIVERSITY COLLEGE, GHANA - MAIN LIBRARY WISCONSIN INTERNATIONAL UNIVERSITY COLLEGE, GHANA - MAIN LIBRARY General Stacks 28/08/2012   QA76.P25 5237/12 28/08/2012 1 28/08/2012 Books

If you have any concerns or questions; kindly contact the library


© Powered by WIUC ICT DIRECTORATE